Vliv měnových institucí na limity vlastních monetárních politik

Proces postupnej liberalizácie a zmeny vo finančných inštitúciách. Hlavné zdroje problémov.

Saved in:
Bibliographic Details
Main Author: Lojda, Jan
Format: Book Chapter
Language:Czech
Subjects:
Tags: Add Tag
No Tags, Be the first to tag this record!

MARC

LEADER 00000naa$a2200000$$$4500
001 0077105
005 20231107074930.8
041 0 |a cze 
044 |a SK 
245 1 0 |a Vliv měnových institucí na limity vlastních monetárních politik  |c Jan Lojda 
520 |a Proces postupnej liberalizácie a zmeny vo finančných inštitúciách. Hlavné zdroje problémov. 
610 2 0 |a politika menová 
610 2 0 |a politika peňažná 
610 2 0 |a inštitúcia 
610 2 0 |a liberalizácia 
610 2 0 |a globalizácia 
610 2 0 |a monetarizmus 
610 2 0 |a cash flow 
610 2 0 |a pohyb kapitálu 
100 1 |a Lojda, Jan